| 000 | 00616 a2200205 4500 | ||
|---|---|---|---|
| 020 | _a3540257241 | ||
| 020 | _a9783540257240 | ||
| 082 | 0 | 4 | _a515.9 |
| 090 |
_c613 _d613 |
||
| 100 | 1 | _aFreitag, Eberhard. | |
| 245 | 1 | 0 |
_aComplex analysis / _cEberhard Freitag, Rolf Busam. |
| 250 | _a1st ed. | ||
| 260 |
_a[S.l.] : _bSpringer, _c2005. |
||
| 300 |
_a552 p. ; _c24 cm. |
||
| 490 | 1 | _aUniversitext. | |
| 700 | 1 | _aBusam, Rolf. | |
| 830 | 0 | _aUniversitext. | |
| 942 |
_aSNS _cBK _k515.9 FRE |
||
| 999 |
_c29243 _d29243 |
||